|
|
|
|
| LEADER |
01324nam a22002891a 4500 |
| 001 |
000705748 |
| 003 |
CZ BrMZK |
| 005 |
20081118111528.0 |
| 008 |
040209s1979 xr e cze d |
| 015 |
|
|
|a cnb000398089
|
| 035 |
|
|
|a (OCoLC)40079092
|
| 040 |
|
|
|a BOA001
|b cze
|c BOA001
|
| 100 |
1 |
|
|a Hušková, Marie,
|d 1942-
|7 jn20000401126
|4 aut
|
| 245 |
1 |
0 |
|a Vyšetřovací metody in vitro v nukleární medicíně /
|c Marie Hušková, V. Hušák
|
| 250 |
|
|
|a 1. vyd.
|
| 260 |
|
|
|a Brno :
|b Ústav pro další vzdělávání středních zdravotnických pracovníků,
|c 1979
|
| 300 |
|
|
|a 100 s.
|
| 490 |
1 |
|
|a Učební texty /Ústav pro další vzdělávání středních zdravotnických pracovníků
|
| 500 |
|
|
|a Rozmnoženo
|
| 504 |
|
|
|a Bibliografie na s. 96-98
|
| 700 |
1 |
|
|a Hušák, Václav,
|d 1938-2014
|7 ola2003193655
|4 aut
|
| 710 |
2 |
|
|a Ústav pro další vzdělávání středních zdravotnických pracovníků.
|b Katedra radiologických laborantů (Brno)
|
| 830 |
|
0 |
|a Učební texty (Ústav pro další vzdělávání středních zdravotnických pracovníků)
|
| 910 |
|
|
|a BOA001
|b PK-N-0020.604
|
| 964 |
|
|
|a Medicína nukleární - metody vyšetřovací - učebnice - školy střední zdravotnické
|
| 990 |
|
|
|a BK
|
| 996 |
7 |
|
|b 3119655333
|c PK-N-0020.604
|l MZK
|r Sklad / do 1 hodiny
|n 1
|w 000705748
|u 000010
|a 1
|e BOA001
|j MZK50
|s A
|